00590cam a22002173a 45000010005000000030006000050050017000110080041000280400015000690420007000840500007000911000035000982450062001332600029001955060030002245160020002546530017002746530012002918300028003038560041003316113PGUSA20140828083128.0040701s2004||||xxu|||||s|||||000 1 eng d aPGUSAbeng adc 4aPS1 aRoe, Edward Payson,d1838-188812aA Day of Fateh[electronic resource] /cEdward Payson Roe bProject Gutenberg,c2004 aPublic domain in the USA. aElectronic text aLove stories aFiction 0aProject Gutenbergv611340uhttp://www.gutenberg.org/ebooks/6113